| 000 | 00425nam a22001697a 4500 | ||
|---|---|---|---|
| 003 | NUST - PNEC | ||
| 005 | 20170116180918.0 | ||
| 008 | 150904b xxu||||| |||| 00| 0 eng d | ||
| 020 | _a8173195250 | ||
| 040 | _cLIBRARY | ||
| 082 | _a620.3 DUK | ||
| 100 |
_97542 _aDukkipati, Rao V. |
||
| 245 |
_aVibration analysis _cRao V. Dukkipati |
||
| 260 | _cc.2004 | ||
| 650 |
_97546 _aMecahnical Engineering _xME |
||
| 942 |
_2ddc _cBK |
||
| 999 |
_c65512 _d65512 |
||